000 00292nam a2200133Ia 4500
003 OSt
005 20240311101141.0
008 170524s9999 xx 000 0 und d
020 _a978-9353439392
040 _cIIMT
100 _aKAPOOR- JACK R.
245 0 _aPERSONAL FINANCE
942 _2ddc
_c02
999 _c9733
_d9733